[Event "Let's Play Chess!"]
[Site "http://www.queenalice.com/game.php?id=391332"]
[Date "2008.4.21"]
[Round "-"]
[White "BobySponja"]
[Black "ricaldre"]
[Result "1/2-1/2"]
[WhiteElo "1584"]
[BlackElo "1489"]

1. e4 e5 2. Nf3 Bd6 3. Bc4 Nf6 4. d3 Bb4+ 5. Bd2 Bc5 6. Nxe5 d6 7. Nxf7 Qd7 8.
Nxh8 b5 9. Bb3 Ng4 10. Nf7 Nc6 11. O-O Nce5 12. Nxe5 Nxe5 13. Qh5+ g6 14. Qe2 b4
15. a4 bxa3 16. Nxa3 Bxa3 1/2-1/2

[Event "Challenge"]
[Site "http://www.queenalice.com/game.php?id=391848"]
[Date "2008.4.22"]
[Round "-"]
[White "ricaldre"]
[Black "Jane"]
[Result "0-1"]
[WhiteElo "1647"]
[BlackElo "1545"]

1. e4 e5 2. Nf3 Nc6 3. Bc4 Nf6 4. Ng5 d5 5. exd5 Nxd5 6. d3 h6 7. Nxf7 Kxf7 8.
Qf3+ Kg8 9. Bxd5+ Kh7 10. Qe4+ g6 11. Nd2 Bf5 12. Qc4 Nd4 13. Nf3 Nxf3+ 14. Bxf3
h5 15. g4 hxg4 16. Qf7+ Bg7 17. Bxb7 Rb8 18. Be4 Bxe4 19. dxe4 Qd4 20. O-O Rbf8
21. Qxc7 Qxe4 22. Bd2 Rc8 23. Rfe1 Rxc7 24. Rxe4 Rxc2 25. Bc3 a5 26. Rxg4 Bh6
27. Rh4 Rf8 28. a3 Rfxf2 29. Bxe5 Rg2+ 30. Kh1 g5 31. Rh5 Kg6 32. Rg1 Rxg1+ 33.
Kxg1 g4 34. Rh4 Be3+ 35. Kf1 Kg5 36. Rh8 Rf2+ 37. Kg1 Rf5+ 38. Kg2 Rxe5 39. Rf8
Bd4 40. Rb8 Re2+ 41. Kg3 Be5# 0-1

[Event "Maniac_Game"]
[Site "http://www.queenalice.com/game.php?id=399471"]
[Date "2008.5.7"]
[Round "-"]
[White "ricaldre"]
[Black "manica76"]
[Result "0-1"]
[WhiteElo "1579"]
[BlackElo "1382"]

1. e4 e5 2. Nf3 Nf6 3. Nc3 Bc5 4. Nxe5 O-O 5. Bc4 d6 6. Bxf7+ Kh8 7. d4 dxe5 8.
d5 Rxf7 9. Na4 Nxe4 10. Nxc5 Nxc5 11. O-O Bf5 12. c4 Ne4 13. g3 Kg8 14. h4 Qd6
15. Qh5 Bg6 16. Qd1 Nd7 17. Re1 Nxf2 18. Qe2 Raf8 19. Be3 Nc5 20. Bxf2 e4 21.
Rad1 Nd3 22. Rf1 Nxf2 23. Rde1 Qxg3# 0-1

[Event "Challenge"]
[Site "http://www.queenalice.com/game.php?id=412940"]
[Date "2008.6.4"]
[Round "-"]
[White "VSB"]
[Black "ricaldre"]
[Result "0-1"]
[WhiteElo "1192"]
[BlackElo "1511"]

1. d4 d5 2. Qd3 Nc6 3. g4 Bxg4 4. Qb5 Rb8 5. f3 a6 6. Qc5 e6 7. Qc3 Bb4 8. fxg4
Bxc3+ 9. bxc3 Qh4+ 10. Kd1 Qxg4 11. Nf3 Nf6 12. Bg5 Ne4 13. Rg1 Qh5 14. Bh4 g6
15. Ng5 O-O 16. Na3 Qxh4 17. Nxe4 Qxe4 18. c4 Qxd4+ 0-1

[Event "Challenge"]
[Site "http://www.queenalice.com/game.php?id=412941"]
[Date "2008.6.4"]
[Round "-"]
[White "VSB"]
[Black "ricaldre"]
[Result "0-1"]
[WhiteElo "1197"]
[BlackElo "1503"]

1. e3 e5 2. Nf3 e4 3. Nd4 d5 4. g4 Nf6 5. c3 Bxg4 6. Qb3 b6 7. Qb5+ Qd7 8. h3
Bf3 9. Rg1 a6 10. Qxd7+ Nfxd7 11. b4 b5 12. Rg3 Ne5 13. Rg5 f6 14. Rf5 Nd3+ 15.
Bxd3 Nd7 16. Rxd5 exd3 17. Ne6 Bxd5 18. Nxc7+ Kd8 0-1

[Event "Novo Jogo"]
[Site "http://www.queenalice.com/game.php?id=419548"]
[Date "2008.6.18"]
[Round "-"]
[White "ricaldre"]
[Black "Jane"]
[Result "0-1"]
[WhiteElo "1535"]
[BlackElo "1552"]

1. d4 d5 2. Nc3 Nc6 3. Nf3 Bg4 4. h3 Bxf3 5. exf3 e5 6. dxe5 Nxe5 7. Nxd5 c6 8.
Ne3 Qxd1+ 9. Nxd1 Bb4+ 10. c3 Ba5 11. Bf4 f6 12. Bxe5 fxe5 13. Bc4 Nf6 0-1

[Event "Challenge"]
[Site "http://www.queenalice.com/game.php?id=420767"]
[Date "2008.6.20"]
[Round "-"]
[White "ricaldre"]
[Black "manica76"]
[Result "0-1"]
[WhiteElo "1470"]
[BlackElo "1458"]

1. e4 e5 2. Nf3 Bc5 3. Qe2 d6 4. c3 Nf6 5. Qc4 Be6 6. Qb5+ Nbd7 7. Qxb7 a6 8.
Qc6 O-O 9. Bxa6 Nb6 10. O-O Rxa6 11. d4 Bd7 12. Qb7 Bb5 13. dxc5 dxc5 14. Re1
Qd6 15. Be3 Nfd7 16. a4 Rb8 17. Qxb8+ Nxb8 18. Na3 Bxa4 19. Nd2 g6 20. b3 f5 21.
f3 Bd7 22. c4 Nc6 23. Nb5 Rxa1 24. Nxd6 Rxe1+ 25. Kf2 Rh1 26. Nb7 Nd4 27. Nxc5
Be8 28. Nf1 fxe4 29. fxe4 Kg7 30. g3 Bc6 0-1